Alle Ski Aggu Songs - Statistiken

Allgemein
  • Dieses Quiz wurde 87 mal gespielt
    58 seit der letzten Aktualisierung
  • Das Durchschnittsergebnis liegt bei 9 aus 24
Antwortstatistiken
Antwort % Korrekt
Friesenjung
85%
Party Sahne
78%
mietfrei
65%
Anders
61%
MAXIMUM RIZZ
59%
Deutschland
48%
Broker
46%
Mandala
46%
Theater
37%
Hubba Bubba
33%
Kappies im Slip
33%
Liebe Grüsse
31%
wie du manchmal fehlst
31%
Tour de Berlin
28%
Zornig
28%
nicht nachmachen
24%
schwarzer Toyota
22%
Balla Balla
20%
gensehaut
20%
Junge Baller
20%
Partyticker
20%
HUSO
19%
Ghetto Tekkno
7%
Pa aufs Maul
0%
Keine übereinstimmenden Quizze gefunden
Verteilung der Resultate
Anzahl Personen mit jedem Resultat
Perzentil nach korrekt beantworteten Fragen
Ihre Resultats-Entwicklung
Sie haben dieses Quiz seit der letzten Aktualisierung nicht gespielt